Quenching of DNA phosphorescence

Elmentve itt :
Bibliográfiai részletek
Szerzők: Isenberg Irvin
Baird Spencer L., jr
Rosenbluth Raja
Dokumentumtípus: Cikk
Megjelent: American Association for the Advancement of Science Washington, D.C. 1965-11-26
Sorozat:Science 150 No. 3700
Online Access:http://misc.bibl.u-szeged.hu/73560
LEADER 00736nab a2200193 i 4500
001 misc73560
005 20241018111025.0
008 241018s1965 hu o 000 eng d
040 |a SZTE Miscellanea Repozitórium  |b hun 
041 |a eng 
100 1 |a Isenberg Irvin 
245 1 0 |a Quenching of DNA phosphorescence  |h [elektronikus dokumentum] /  |c  Isenberg Irvin 
260 |a American Association for the Advancement of Science  |b Washington, D.C.  |c 1965-11-26 
300 |a 1179-1181 
490 0 |a Science  |v 150 No. 3700 
561 |a Szent-Györgyi Albert munkatársainak publikációi 
700 0 1 |a Baird Spencer L., jr.  |e aut 
700 0 1 |a Rosenbluth Raja  |e aut 
856 4 0 |u http://misc.bibl.u-szeged.hu/73560/1/szgya_amerikai_194.pdf  |z Dokumentum-elérés